[Event "Prva liga CS"]
[Site "www.sah-centralnasrbija.com"]
[Date "2013.09.18"]
[Round "?"]
[White "Radibratovic Predrag"]
[Black "Mista Aleksander"]
[Result "0-1"]
[WhiteElo "2362"]
[BlackElo "2582"]
[PlyCount "98"]
[EventDate "2013.??.??"]

1. d4 g6 2. e4 Bg7 3. g3 d5 4. e5 c5 5. c3 Nc6 6. Be3 Nh6 7. Bg2 Nf5 8. Ne2
Nxe3 9. fxe3 Bg4 10. Qd2 Bxe2 11. Qxe2 e6 12. Nd2 O-O 13. O-O Rb8 14. Nb3 cxd4
15. cxd4 Na5 16. Nc5 Bh6 17. Nd3 Nc4 18. Nf4 Qa5 19. b3 Na3 20. Rfc1 Rfc8 21.
Bf1 Rc3 22. Rxc3 Qxc3 23. Rd1 Rc8 24. Qd2 Qxd2 25. Rxd2 Rc1 26. Kg2 Nb1 27. Rf2
Nc3 28. Bd3 Nd1 29. Re2 Rc3 30. Re1 Bxf4 31. Rxd1 Bxe3 32. Bb1 h5 33. Kf1 Bg5
34. Ke2 h4 35. Bd3 hxg3 36. hxg3 a5 37. Rb1 Bc1 38. b4 a4 39. b5 b6 40. Rb4 Ra3
41. Bb1 Kg7 42. Kd1 Bg5 43. g4 Be7 44. Rb2 Rg3 45. Rd2 Rxg4 46. Ke2 Bg5 47. Rd1
Rg2+ 48. Kd3 Rb2 49. Kc3 a3 0-1

[Event "Prva liga CS"]
[Site "www.sah-centralnasrbija.com"]
[Date "2013.09.18"]
[Round "?"]
[White "Tadic Branko"]
[Black "Mrsevic Miroslav"]
[Result "1/2-1/2"]
[WhiteElo "2486"]
[BlackElo "2286"]
[PlyCount "124"]
[EventDate "2013.??.??"]

1. Nf3 d6 2. d4 Nf6 3. g3 g6 4. Bg2 Bg7 5. O-O O-O 6. c4 Nc6 7. Nc3 a6 8. b3
Rb8 9. Bb2 b5 10. cxb5 axb5 11. Rc1 Na5 12. Qc2 Bb7 13. Rfd1 e6 14. Qd2 b4 15.
Nb1 Bd5 16. Ne1 Bxg2 17. Nxg2 Qd7 18. Rc2 Rfc8 19. Rdc1 c6 20. Qg5 Qa7 21. Nd2
Nd5 22. e4 Nc3 23. Bxc3 bxc3 24. Nf3 c5 25. Rxc3 Nc6 26. e5 Qxa2 27. exd6 Nxd4
28. Nxd4 Bxd4 29. Rf3 Rd8 30. Qe7 Rf8 31. Nf4 Qb2 32. Re1 Bf6 33. Qc7 Rxb3 34.
Rxb3 Qxb3 35. Qxc5 Bd8 36. h4 Bb6 37. Qg5 Qf3 38. Nh3 Rd8 39. h5 h6 40. Qe5 g5
41. Rb1 g4 42. Qf4 Qxf4 43. Nxf4 Rxd6 44. Kf1 e5 45. Nd5 Rxd5 46. Rxb6 Kg7 47.
Ke2 Ra5 48. Rb4 Ra2+ 49. Ke3 f5 50. Rb6 Ra3+ 51. Ke2 Rf3 52. Rg6+ Kh7 53. Re6
e4 54. Rf6 Kg7 55. Rg6+ Kf7 56. Rxh6 e3 57. fxe3 Rxg3 58. Ra6 Rg2+ 59. Kf1 Rh2
60. h6 Rh3 61. Kf2 Kg8 62. e4 fxe4 1/2-1/2

[Event "Prva liga CS"]
[Site "www.sah-centralnasrbija.com"]
[Date "2013.09.18"]
[Round "?"]
[White "Kahrovic Mersid"]
[Black "Roganovic Milos"]
[Result "0-1"]
[WhiteElo "2298"]
[BlackElo "2497"]
[PlyCount "66"]
[EventDate "2013.??.??"]

1. c4 e5 2. Nc3 Nf6 3. g3 c6 4. Bg2 d5 5. cxd5 cxd5 6. d3 Nc6 7. Bg5 Be6 8. a3
Be7 9. Rc1 O-O 10. Nf3 Rc8 11. O-O h6 12. Bxf6 Bxf6 13. Nd2 Qd7 14. b4 Rfd8 15.
Na4 b6 16. e3 Ne7 17. Rxc8 Rxc8 18. Nf3 Qc6 19. Re1 Qc2 20. d4 e4 21. Nd2 Bd7
22. Nc5 Qxd1 23. Rxd1 bxc5 24. bxc5 Rb8 25. Rb1 Rxb1+ 26. Nxb1 Kf8 27. Nc3 Ke8
28. f3 exf3 29. Bxf3 Bc6 30. Kf2 g6 31. Ke2 Bg7 32. Kd3 f5 33. Na2 Kd7 0-1

[Event "Prva liga CS"]
[Site "www.sah-centralnasrbija.com"]
[Date "2013.09.18"]
[Round "?"]
[White "Arsovic Goran"]
[Black "Brajovic Miroljub"]
[Result "1/2-1/2"]
[WhiteElo "2449"]
[BlackElo "2135"]
[PlyCount "175"]
[EventDate "2013.??.??"]

1. d4 Nf6 2. Nf3 d6 3. c4 Nbd7 4. Nc3 c6 5. g3 Qc7 6. Bg2 g6 7. O-O a6 8. a4 e5
9. e3 Bg7 10. b3 O-O 11. Ba3 Rd8 12. Rc1 exd4 13. Nxd4 a5 14. h3 Nc5 15. Qc2
Qe7 16. Rfe1 Ne8 17. Rcd1 Nc7 18. Na2 Bd7 19. e4 N7e6 20. Nf3 f6 21. Kh2 Be8
22. Nh4 Qc7 23. Bb2 Bf7 24. Bc3 b6 25. Kh1 Nf8 26. Nc1 Rab8 27. Qd2 Rd7 28. Re2
Qd8 29. f4 Qe7 30. Qc2 Na6 31. Nd3 Nc7 32. Nf3 Nce6 33. h4 Nc5 34. Nxc5 dxc5
35. e5 Rxd1+ 36. Qxd1 Rd8 37. Rd2 Rxd2 38. Qxd2 fxe5 39. Nxe5 Be8 40. Nxc6 Bxc6
41. Bxc6 Bxc3 42. Qxc3 Qg7 43. Bd5+ Kh8 44. Qe3 Qa1+ 45. Kg2 Qf6 46. Qe8 Kg7
47. Qb8 h5 48. Qc7+ Kh6 49. Kh2 Qb2+ 50. Kh3 Qf6 51. Qe5 Nd7 52. Qe4 Nf8 53.
Kh2 Qb2+ 54. Kh3 Qf6 55. Qe5 Nd7 56. Qxf6 Nxf6 57. Bf3 Kg7 58. Kg2 Kf7 59. Kf2
Ke6 60. Ke3 Kf5 61. Bb7 Ne8 62. Be4+ Kf6 63. Kf3 Nd6 64. Bc2 Nf5 65. Bd1 Ke6
66. Kf2 Nd4 67. g4 hxg4 68. Bxg4+ Kf6 69. Bd1 Nf5 70. h5 gxh5 71. Bxh5 Nd4 72.
Bd1 Ke6 73. Kg2 Kf6 74. Kh2 Kg6 75. Kh3 Kf6 76. Kg4 Kg6 77. Bf3 Nxb3 78. f5+
Kf6 79. Kf4 Nd2 80. Bd5 Nb1 81. Be6 Nc3 82. Bd7 Ke7 83. Bc6 Kf6 84. Kg4 Nd1 85.
Kf4 Nc3 86. Bd7 Ke7 87. Bc6 Kf6 88. Bd7 1/2-1/2

[Event "Prva liga CS"]
[Site "www.sah-centralnasrbija.com"]
[Date "2013.09.18"]
[Round "?"]
[White "Kijanovic Igor"]
[Black "Todorovic Jovan"]
[Result "0-1"]
[WhiteElo "2004"]
[BlackElo "2418"]
[PlyCount "100"]
[EventDate "2013.??.??"]

1. Nf3 Nf6 2. c4 g6 3. Nc3 Bg7 4. e3 O-O 5. d4 d6 6. Bd3 Nbd7 7. O-O e5 8. Qc2
Re8 9. Bd2 c6 10. b4 Qe7 11. Be2 e4 12. Ne1 Nf8 13. f3 exf3 14. gxf3 h5 15. Ng2
N8h7 16. e4 Bh3 17. Be3 a5 18. a3 b6 19. Rad1 axb4 20. axb4 Nd7 21. Rf2 Bxg2
22. Rxg2 Ra3 23. Qd2 Rea8 24. b5 c5 25. Nd5 Qd8 26. Kh1 Ra2 27. Qe1 cxd4 28.
Bxd4 Bxd4 29. Rxd4 Ra1 30. Rd1 Rxd1 31. Qxd1 Nhf6 32. Rg1 Ra2 33. Nb4 Rb2 34.
Nc6 Qf8 35. Bf1 Ne5 36. Nxe5 dxe5 37. Rg2 Rxg2 38. Bxg2 Kg7 39. Qd2 Qc5 40. Bf1
Qc7 41. h4 Nd7 42. Qd5 Nc5 43. Bh3 Qe7 44. Kg2 Qf6 45. Bc8 Nb3 46. Qc6 Qf4 47.
Qxb6 Nd4 48. Qd8 Qxf3+ 49. Kh2 Qf2+ 50. Kh1 Nf3 0-1

[Event "Prva liga CS"]
[Site "www.sah-centralnasrbija.com"]
[Date "2013.09.18"]
[Round "?"]
[White "Atalik Suat"]
[Black "Pantelic Sasa"]
[Result "1/2-1/2"]
[WhiteElo "2566"]
[BlackElo "2322"]
[PlyCount "143"]
[EventDate "2013.??.??"]

1. d4 Nf6 2. c4 g6 3. Nc3 Bg7 4. e4 d6 5. Be2 O-O 6. Nf3 Bg4 7. Bg5 c5 8. d5 a6
9. O-O Bxf3 10. Bxf3 Nbd7 11. a4 h6 12. Bd2 e5 13. Qc1 Kh7 14. Bd1 Ng8 15. Bc2
Bf6 16. g3 Bg5 17. f4 exf4 18. gxf4 Bf6 19. Kh1 Bg7 20. Ne2 Qh4 21. Ra3 Rae8
22. Ng1 Ndf6 23. Rh3 Qg4 24. Qb1 Qd7 25. a5 Re7 26. Rh4 Rfe8 27. Nf3 Kh8 28. e5
dxe5 29. fxe5 Rxe5 30. Nxe5 Rxe5 31. Bc3 Re7 32. Qd1 Ne8 33. Ba4 Qd8 34. Bxe8
Qxe8 35. Qd2 h5 36. Qf2 Bxc3 37. bxc3 Qc8 38. Re1 Qe8 39. Rxe7 Qxe7 40. Rf4 Kg7
41. d6 Qxd6 42. Rxf7+ Kh8 43. Qe2 Nf6 44. Re7 Qf4 45. Qd3 h4 46. Re1 Kg7 47.
Qe3 Qf5 48. Qe7+ Kh6 49. Qf8+ Kh5 50. Qh8+ Kg5 51. Rg1+ Ng4 52. Qd8+ Kh5 53.
Qd5 Ne3 54. Qxf5+ gxf5 55. Rg7 Nxc4 56. Rxb7 Nxa5 57. Rb6 Kg4 58. Kg2 Nc4 59.
Rb1 Nd2 60. Ra1 Ne4 61. c4 h3+ 62. Kf1 Nd2+ 63. Ke2 Nf3 64. Rxa6 Nxh2 65. Kf2
Kf4 66. Ra3 Ng4+ 67. Kg1 h2+ 68. Kh1 Ke4 69. Ra1 Kd3 70. Rf1 Ne3 71. Rf4 Nxc4
72. Rxf5 1/2-1/2

[Event "Prva liga centralne Srbije 2013"]
[Site "Kragujevac"]
[Date "2013.09.18"]
[Round "7.2"]
[White "Stojanovski, Dejan"]
[Black "Galkin, Alexander"]
[Result "1/2-1/2"]
[WhiteElo "2436"]
[BlackElo "2626"]
[PlyCount "52"]
[EventDate "2013.09.14"]

1. d4 Nf6 2. Nf3 e6 3. Bg5 c5 4. e3 h6 5. Bh4 Nc6 6. c3 g5 7. Bg3 Nh5 8. Nbd2
Nxg3 9. hxg3 cxd4 10. exd4 Bg7 11. Bd3 d5 12. Qe2 Qc7 13. Nb3 b6 14. Ba6 Bxa6
15. Qxa6 Ne7 16. a4 O-O 17. O-O Ng6 18. Rfe1 Rfc8 19. Nfd2 Rab8 20. Qe2 Nf8 21.
Nc1 Re8 22. Nd3 f6 23. f4 Qe7 24. Nf3 Nd7 25. Nd2 e5 26. fxe5 fxe5 1/2-1/2

[Event "Prva liga centralne Srbije 2013"]
[Site "Kragujevac"]
[Date "2013.09.18"]
[Round "7.2"]
[White "Ilic, Zoran S"]
[Black "Zivkovic, Sava"]
[Result "1/2-1/2"]
[WhiteElo "2285"]
[BlackElo "2353"]
[PlyCount "85"]
[EventDate "2013.09.14"]

1. d4 Nf6 2. Nf3 g6 3. c4 Bg7 4. g3 c6 5. Bg2 d5 6. O-O O-O 7. Nbd2 Ne4 8. e3
Bf5 9. Qe2 a5 10. Nh4 Nxd2 11. Bxd2 Be6 12. cxd5 Bxd5 13. e4 Be6 14. Be3 Bxd4
15. Rfd1 c5 16. Qb5 Ra6 17. Nf3 Rb6 18. Qxa5 Rxb2 19. Qa3 Rb6 20. Nxd4 cxd4 21.
Rxd4 Ra6 22. Qb2 Rb6 23. Rb4 Rxb4 24. Qxb4 Qd7 25. h4 h5 26. Kh2 Nc6 27. Qb2
Ra8 28. a4 f6 29. Bb6 Ne5 30. Qb4 Rc8 31. a5 Rc4 32. Qe1 Bg4 33. Qf1 Rc3 34.
Rc1 Rxc1 35. Qxc1 Nf3+ 36. Kh1 Qd3 37. e5 fxe5 38. Be3 e4 39. Qf1 Qc2 40. Qc1
Qxc1+ 41. Bxc1 Kf7 42. Bxf3 exf3 43. Kg1 1/2-1/2

[Event "Prva liga centralne Srbije 2013"]
[Site "Kragujevac"]
[Date "2013.09.18"]
[Round "7.2"]
[White "Begus, Drasko"]
[Black "Mitrovic, Darko R"]
[Result "0-1"]
[WhiteElo "2345"]
[BlackElo "2278"]
[PlyCount "98"]
[EventDate "2013.09.14"]

1. d4 Nf6 2. g3 d5 3. Bg2 c6 4. Nf3 Bf5 5. O-O h6 6. b3 e6 7. c4 Nbd7 8. Bb2
Bd6 9. Nc3 O-O 10. Nd2 Qe7 11. a3 Rac8 12. b4 e5 13. dxe5 Bxe5 14. Rc1 Rfd8 15.
cxd5 cxd5 16. Nf3 Be6 17. Nxe5 Nxe5 18. Nb5 Nc4 19. Bxf6 Qxf6 20. Nxa7 Ra8 21.
Nb5 Qe7 22. Qd4 Qd7 23. Nc3 Nxa3 24. Rfd1 Rac8 25. e4 Rc4 26. Qa7 Rxc3 27. Rxc3
Nb5 28. Qa1 Nxc3 29. Qxc3 d4 30. Qd2 Bc4 31. Bf3 b5 32. Kg2 d3 33. Ra1 Qd4 34.
Ra3 Kh7 35. h4 g6 36. Ra6 Kg7 37. Ra3 Re8 38. Ra6 Re7 39. Ra3 Re6 40. Ra5 Rf6
41. Ra8 Be6 42. g4 Bxg4 43. Bxg4 Qxe4+ 44. f3 Qxa8 45. Qxd3 Qa2+ 46. Kg3 Qc4
47. Qd2 h5 48. Bh3 Ra6 49. Qb2+ Kh7 0-1

[Event "Prva liga centralne Srbije 2013"]
[Site "Kragujevac"]
[Date "2013.09.18"]
[Round "7.2"]
[White "Ljubinkovic, Miodrag"]
[Black "Stankovic, Dejan"]
[Result "1/2-1/2"]
[WhiteElo "2255"]
[BlackElo "2262"]
[PlyCount "105"]
[EventDate "2013.09.14"]

1. d4 d5 2. Nf3 Nf6 3. Bf4 c5 4. c3 Nc6 5. e3 Qb6 6. Qb3 c4 7. Qc2 g6 8. Nbd2
Bf5 9. Qc1 Nh5 10. Bg3 Bg4 11. Be2 Nxg3 12. hxg3 Bg7 13. Ng1 Bxe2 14. Nxe2 e5
15. Nf3 e4 16. Nd2 Qd8 17. f3 f5 18. f4 b5 19. b3 Bf8 20. bxc4 bxc4 21. Rb1 Rb8
22. Kf2 Bd6 23. Qc2 Qa5 24. Rxb8+ Bxb8 25. Rb1 Kd7 26. Qb2 a6 27. Qc2 Bc7 28.
Rb2 Rb8 29. Rxb8 Bxb8 30. Nf1 h5 31. Nd2 Bd6 32. Nb1 Qb5 33. Ke1 Kc7 34. Kd2
Ne7 35. Ke1 Ng8 36. Ng1 Nf6 37. Nh3 Ng4 38. Ke2 Be7 39. Nf2 Nf6 40. Nd2 Nd7 41.
Nf1 Nb6 42. Nd1 a5 43. Nd2 a4 44. Nb1 a3 45. Nd2 Kc6 46. Nb1 Nc8 47. Nd2 Bd6
48. Nb1 Na7 49. Kf2 Qa5 50. Nd2 Nb5 51. Nb1 Nc7 52. Nd2 Nb5 53. Nb1 1/2-1/2

[Event "Prva liga centralne Srbije 2013"]
[Site "Kragujevac"]
[Date "2013.09.18"]
[Round "7.3"]
[White "Parligras, Mircea-Emilian"]
[Black "Tosic, Miroslav"]
[Result "1-0"]
[WhiteElo "2560"]
[BlackElo "2412"]
[PlyCount "67"]
[EventDate "2013.09.14"]

1. d4 Nf6 2. c4 d6 3. Nc3 Nbd7 4. e4 e5 5. Nge2 Be7 6. f3 O-O 7. Be3 c6 8. d5
cxd5 9. cxd5 Ne8 10. Qd2 Nb6 11. Ng3 Bh4 12. Bd3 h6 13. O-O Bg5 14. Rfc1 Bd7
15. a4 Rc8 16. b3 a6 17. a5 Na8 18. b4 b5 19. Nce2 Bxe3+ 20. Qxe3 Rxc1+ 21.
Rxc1 Qb8 22. f4 Nf6 23. h3 exf4 24. Qxf4 Re8 25. Kh2 Re5 26. Nd4 Qf8 27. Ngf5
Nh5 28. Qe3 Re8 29. Rf1 Nc7 30. Qf3 g6 31. Nxh6+ Qxh6 32. Qxf7+ Kh8 33. Qxd7
Qg5 34. Qxd6 1-0

[Event "Prva liga centralne Srbije 2013"]
[Site "Kragujevac"]
[Date "2013.09.18"]
[Round "7.3"]
[White "Paunovic, Tomislav"]
[Black "Perunovic, Miodrag"]
[Result "1/2-1/2"]
[WhiteElo "2327"]
[BlackElo "2418"]
[PlyCount "192"]
[EventDate "2013.09.14"]

1. d4 Nf6 2. c4 e6 3. Nc3 Bb4 4. Qc2 c5 5. dxc5 Na6 6. Nf3 Nxc5 7. g3 b6 8. Bg2
Bb7 9. O-O Rc8 10. Nb5 Na6 11. Nxa7 Ra8 12. Nb5 Be4 13. Qd1 O-O 14. Nd6 Bc6 15.
a3 Bc5 16. b4 Nxb4 17. axb4 Rxa1 18. bxc5 bxc5 19. Qd3 Qa8 20. Be3 Qa5 21. Bd2
Rxf1+ 22. Bxf1 Qa1 23. Bc3 Qc1 24. Ne5 Ba8 25. Bd2 Qa1 26. Bc3 Qc1 27. f3 Rb8
28. Qd2 Rb1 29. Qxc1 Rxc1 30. Bb2 Rd1 31. Nd3 Bc6 32. Bc1 Ba4 33. Be3 Bc2 34.
Bxc5 h5 35. h4 Bb3 36. Bb4 Nh7 37. Kf2 Nf8 38. Nb2 Rb1 39. Nd3 f6 40. Bc3 Ba2
41. Bb2 Bb3 42. Bd4 Rd1 43. Be3 Ba2 44. Ne4 Bb3 45. c5 Ra1 46. Nd2 Bc2 47. Nb4
Bf5 48. Bd4 Ra4 49. Bc3 Ra3 50. Bb2 Ra4 51. Bc3 Ra3 52. Bb2 Ra4 53. Nd3 e5 54.
e4 Be6 55. Ke3 Ra2 56. Be2 Ng6 57. Bd1 Ne7 58. f4 exf4+ 59. gxf4 f5 60. Bb3
Bxb3 61. Nxb3 fxe4 62. Kxe4 Ng6 63. Bd4 Re2+ 64. Kf3 Rh2 65. Nf2 Rxh4 66. Be3
Ne7 67. Nd4 g5 68. fxg5 Kf7 69. Ne4 Rh3+ 70. Kf2 Nd5 71. Bd2 Ra3 72. Nf3 Ke6
73. Ng3 Ne7 74. Nxh5 Kd5 75. Nf6+ Kxc5 76. Nxd7+ Kd5 77. Nf6+ Ke6 78. Ne4 Ng6
79. Ng3 Ra2 80. Ke3 Ne5 81. Nxe5 Kxe5 82. Bc3+ Ke6 83. Bf6 Ra4 84. Bd4 Kf7 85.
Bf6 Kg6 86. Kf3 Ra3+ 87. Kf4 Ra4+ 88. Ne4 Rb4 89. Ke3 Kf5 90. Nd6+ Kg6 91. Kf3
Ra4 92. Ne4 Kf5 93. Ng3+ Kg6 94. Nf1 Ra6 95. Ne3 Rxf6+ 96. gxf6 Kxf6 1/2-1/2

[Event "Prva liga centralne Srbije 2013"]
[Site "Kragujevac"]
[Date "2013.09.18"]
[Round "7.3"]
[White "Radovanovic, Dusan"]
[Black "Manic, Jovica"]
[Result "1-0"]
[WhiteElo "2377"]
[BlackElo "2256"]
[PlyCount "35"]
[EventDate "2013.09.14"]

1. d4 c5 2. d5 e5 3. e4 d6 4. Nc3 a6 5. a4 Be7 6. Nf3 Bg4 7. b3 Nf6 8. h3 Bxf3
9. Qxf3 Nbd7 10. a5 O-O 11. h4 Kh8 12. g3 Ne8 13. Bh3 b5 14. axb6 Nxb6 15. Na4
Qb8 16. O-O Nc7 17. c4 Nb5 18. cxb5 1-0

[Event "Prva liga centralne Srbije 2013"]
[Site "Kragujevac"]
[Date "2013.09.18"]
[Round "7.3"]
[White "Todorovic, Bojan"]
[Black "Marcetic, Nikola"]
[Result "0-1"]
[WhiteElo "2338"]
[BlackElo "2395"]
[PlyCount "64"]
[EventDate "2013.09.14"]

1. d4 d5 2. c4 c6 3. Nf3 Nf6 4. e3 Bg4 5. Nc3 e6 6. Qb3 Qb6 7. Ne5 Nbd7 8. Nxg4
Nxg4 9. Be2 f5 10. O-O Ngf6 11. Bd2 Be7 12. Qc2 O-O 13. b4 Ne4 14. Nxe4 fxe4
15. f3 exf3 16. Bxf3 Bxb4 17. Bxb4 Qxb4 18. Rfb1 Qe7 19. Rxb7 Qg5 20. Qe2 Nb6
21. c5 Nc4 22. Re1 Rf6 23. g3 Raf8 24. Bg2 a5 25. Rb3 e5 26. e4 Rf2 27. Qxf2
Rxf2 28. Kxf2 Qd2+ 29. Kf1 exd4 30. Re2 Qd1+ 31. Re1 Nd2+ 32. Kf2 Qc2 0-1

[Event "Prva liga centralne Srbije 2013"]
[Site "Kragujevac"]
[Date "2013.09.18"]
[Round "7.3"]
[White "Radivojevic, Ivan"]
[Black "Carnic, Srdjan"]
[Result "1/2-1/2"]
[WhiteElo "2352"]
[BlackElo "2327"]
[PlyCount "21"]
[EventDate "2013.09.14"]

1. e4 c5 2. Nf3 Nc6 3. d4 cxd4 4. Nxd4 g6 5. Nc3 Bg7 6. Nde2 Nf6 7. g3 b5 8.
Bg2 b4 9. Nd5 Ba6 10. O-O Rc8 11. Ne3 1/2-1/2

[Event "Prva liga centralne Srbije 2013"]
[Site "Kragujevac"]
[Date "2013.09.18"]
[Round "7.3"]
[White "Nikolic, Boban"]
[Black "Vuckovic, Branko"]
[Result "1/2-1/2"]
[WhiteElo "2255"]
[BlackElo "2263"]
[PlyCount "40"]
[EventDate "2013.09.14"]

1. Nf3 Nf6 2. c4 c6 3. g3 d5 4. Bg2 e6 5. Qc2 Nbd7 6. b3 Bd6 7. Nc3 O-O 8. O-O
Re8 9. Bb2 Qa5 10. cxd5 exd5 11. d4 Nf8 12. Ne5 Bxe5 13. dxe5 Ng4 14. e4 dxe4
15. Nxe4 Nxe5 16. Nd6 Re7 17. Rad1 Bg4 18. f3 Bh5 19. Nf5 Ree8 20. Nd6 Re7
1/2-1/2

[Event "Prva liga centralne Srbije 2013"]
[Site "Kragujevac"]
[Date "2013.09.18"]
[Round "7.4"]
[White "Ivanov, Mikhail M"]
[Black "Nestorovic, Nikola"]
[Result "1/2-1/2"]
[WhiteElo "2398"]
[BlackElo "2439"]
[PlyCount "53"]
[EventDate "2013.09.14"]

1. Nf3 Nf6 2. c4 e6 3. Nc3 Bb4 4. g3 O-O 5. Bg2 d5 6. a3 Bd6 7. d4 c6 8. O-O
Nbd7 9. Nd2 Be7 10. e4 dxc4 11. Nxc4 b5 12. Ne3 Bb7 13. d5 cxd5 14. exd5 Nxd5
15. Nexd5 exd5 16. Nxd5 Nb6 17. Nxe7+ Qxe7 18. Re1 Rfd8 19. Bd2 Qd7 20. Bg5 f6
21. Qxd7 Rxd7 22. Be3 Bxg2 23. Kxg2 Nc4 24. b3 Nxe3+ 25. Rxe3 Rc8 26. Rae1 Kf7
27. R1e2 1/2-1/2

[Event "Prva liga centralne Srbije 2013"]
[Site "Kragujevac"]
[Date "2013.09.18"]
[Round "7.4"]
[White "Urosevic, Zoran"]
[Black "Stankovic, Milos"]
[Result "1/2-1/2"]
[WhiteElo "2244"]
[BlackElo "2407"]
[PlyCount "101"]
[EventDate "2013.09.14"]

1. e4 c5 2. Nf3 d6 3. d4 cxd4 4. Nxd4 Nf6 5. Nc3 Bd7 6. Bc4 Nc6 7. Bb3 g6 8. f3
Nxd4 9. Qxd4 Bg7 10. Be3 O-O 11. Qd2 b5 12. Nd5 Nxd5 13. Bxd5 Rc8 14. c3 Qc7
15. O-O a6 16. Bd4 Bxd4+ 17. Qxd4 Qc5 18. Rfd1 Rc7 19. Rd2 Rb8 20. a3 Be6 21.
Qxc5 Rxc5 22. Rd4 a5 23. Rd2 Kg7 24. Bxe6 fxe6 25. Kf2 Kf6 26. Ke3 Rc4 27. Kd3
Ke5 28. g3 d5 29. f4+ Kf6 30. exd5 exd5 31. Re2 Rb6 32. Re5 e6 33. Re2 Rd6 34.
Rd2 d4 35. Ke2 e5 36. fxe5+ Kxe5 37. cxd4+ Rdxd4 38. Rad1 Rxd2+ 39. Rxd2 Ke4
40. Kf2 b4 41. axb4 axb4 42. Ke2 Rc1 43. Rd7 Rc2+ 44. Rd2 Rxd2+ 45. Kxd2 Kd4
46. Kc2 Kc4 47. Kd2 Kb3 48. Kc1 h5 49. h4 Kc4 50. Kd2 Kd4 51. b3 1/2-1/2

[Event "Prva liga centralne Srbije 2013"]
[Site "Kragujevac"]
[Date "2013.09.18"]
[Round "7.5"]
[White "Tomic, Bosko"]
[Black "Pancevski, Filip"]
[Result "1-0"]
[WhiteElo "2447"]
[BlackElo "2500"]
[PlyCount "69"]
[EventDate "2013.09.14"]

1. c4 e5 2. g3 d6 3. Bg2 Nc6 4. Nc3 Be6 5. d3 g6 6. e3 Qd7 7. Nd5 Nd8 8. Ne2 c6
9. Ndc3 Bh3 10. Bf3 Nf6 11. d4 Qe7 12. Qa4 e4 13. Nf4 Bd7 14. Be2 h5 15. h3 Bh6
16. Qb3 Bf5 17. Bd2 Qd7 18. Bf1 O-O 19. d5 Qe7 20. Be2 Bc8 21. O-O-O Re8 22.
Rdg1 Bg7 23. c5 dxc5 24. dxc6 Nxc6 25. Nxg6 Qd8 26. Nf4 Ne5 27. g4 hxg4 28.
hxg4 Bxg4 29. Bxg4 Nfxg4 30. Nxe4 c4 31. Qc2 f5 32. Ng3 Nd3+ 33. Nxd3 cxd3 34.
Qb3+ Kf8 35. Bb4+ 1-0

[Event "Prva liga centralne Srbije 2013"]
[Site "Kragujevac"]
[Date "2013.09.18"]
[Round "7.5"]
[White "Zajic, Milan"]
[Black "Dimitrijevic, Srdjan"]
[Result "1/2-1/2"]
[WhiteElo "2302"]
[BlackElo "2307"]
[PlyCount "37"]
[EventDate "2013.09.14"]

1. e4 c5 2. Nf3 Nc6 3. d4 cxd4 4. Nxd4 Nf6 5. Nc3 d6 6. Be2 g6 7. O-O Bg7 8.
Be3 O-O 9. Qd2 Bd7 10. a4 Rc8 11. f3 a6 12. Nxc6 Bxc6 13. a5 d5 14. e5 Nd7 15.
f4 e6 16. Bd4 Qe7 17. Kh1 Rc7 18. Qe3 Rfc8 19. Bd3 1/2-1/2

[Event "Prva liga centralne Srbije 2013"]
[Site "Kragujevac"]
[Date "2013.09.18"]
[Round "7.5"]
[White "Jovic, Stanoje"]
[Black "Dezelin, Milan"]
[Result "1/2-1/2"]
[WhiteElo "2328"]
[BlackElo "2296"]
[PlyCount "52"]
[EventDate "2013.09.14"]

1. c4 c5 2. Nf3 Nc6 3. Nc3 g6 4. g3 Bg7 5. Bg2 d6 6. d3 a6 7. Bd2 Rb8 8. Qc1 b5
9. O-O Bd7 10. h3 h5 11. Nd1 Qc8 12. Kh2 Nh6 13. Bc3 Nd4 14. Nxd4 cxd4 15. Bd2
Nf5 16. cxb5 axb5 17. b3 Qa6 18. a4 O-O 19. axb5 Qxb5 20. b4 Rfc8 21. Qb1 Qe5
22. Re1 h4 23. Bf4 hxg3+ 24. fxg3 Qb5 25. Ra7 g5 26. Bxg5 Nxg3 1/2-1/2

[Event "Prva liga centralne Srbije 2013"]
[Site "Kragujevac"]
[Date "2013.09.18"]
[Round "7.5"]
[White "Mladenovic, Stefan"]
[Black "Stankovic, Ivan G"]
[Result "1-0"]
[WhiteElo "2274"]
[BlackElo "2238"]
[PlyCount "53"]
[EventDate "2013.09.14"]

1. d4 g6 2. c4 Bg7 3. Nc3 d6 4. e4 Nd7 5. Nf3 e5 6. Be2 Ne7 7. h4 h6 8. Be3 O-O
9. Qd2 Kh7 10. O-O-O exd4 11. Nxd4 Nc5 12. f4 Ne6 13. Nxe6 Bxe6 14. h5 Ng8 15.
hxg6+ fxg6 16. g4 b5 17. cxb5 Bf7 18. f5 c6 19. Bg5 Bxc3 20. bxc3 Qa5 21. Bxh6
Qa3+ 22. Kb1 Bxa2+ 23. Qxa2 Qxa2+ 24. Kxa2 Nxh6 25. g5 gxf5 26. Rxh6+ Kg7 27.
Rdxd6 1-0

[Event "Prva liga centralne Srbije 2013"]
[Site "Kragujevac"]
[Date "2013.09.18"]
[Round "7.5"]
[White "Djordjevic, Vuk"]
[Black "Trickovic, Vladimir"]
[Result "1-0"]
[WhiteElo "2123"]
[BlackElo "2078"]
[PlyCount "47"]
[EventDate "2013.09.14"]

1. e4 c5 2. Nc3 d6 3. f4 Nc6 4. Nf3 g6 5. Bc4 e6 6. O-O Bg7 7. d3 Nge7 8. Qe1
Na5 9. Bb5+ Nec6 10. Be3 a6 11. Bxc6+ Nxc6 12. Qf2 b6 13. Rad1 d5 14. d4 c4 15.
Ne5 Ne7 16. f5 exf5 17. exf5 gxf5 18. Qf3 h5 19. Nxc4 Be6 20. Ne5 f4 21. Qxf4
Bh6 22. Qf2 Bxe3 23. Qxe3 Nf5 24. Rxf5 1-0

[Event "Prva liga centralne Srbije 2013"]
[Site "Kragujevac"]
[Date "2013.09.18"]
[Round "7.4"]
[White "Nestorovic, Lazar"]
[Black "Misojcic, Miroslav"]
[Result "1-0"]
[WhiteElo "2391"]
[BlackElo "2253"]
[PlyCount "106"]
[EventDate "2013.09.14"]

1. e4 c5 2. Nf3 Nc6 3. d4 cxd4 4. Nxd4 Nf6 5. Nc3 e6 6. Ndb5 d6 7. Bf4 e5 8.
Bg5 a6 9. Na3 b5 10. Nd5 Be7 11. Bxf6 Bxf6 12. c3 Bg5 13. Nc2 Ne7 14. Nce3 Bxe3
15. Nxe3 Bb7 16. Qd3 d5 17. exd5 Nxd5 18. O-O-O Nf4 19. Qxd8+ Rxd8 20. Rxd8+
Kxd8 21. Rg1 Ke7 22. g3 Ne6 23. Be2 Rd8 24. Rd1 Rxd1+ 25. Bxd1 g6 26. b4 f5 27.
a4 bxa4 28. Bxa4 Ng5 29. Kc2 Nh3 30. Nd1 Bf3 31. Kd2 Ng5 32. c4 Bb7 33. Ke3 Ne6
34. c5 f4+ 35. Kd3 Bg2 36. Nc3 a5 37. bxa5 Nxc5+ 38. Kc4 Nxa4 39. Nxa4 Kd6 40.
gxf4 exf4 41. Kd4 Bb7 42. Nc5 Ba8 43. Ne4+ Ke6 44. Ng5+ Kf5 45. Nxh7 Kg4 46.
Nf8 g5 47. Ne6 Kh3 48. Nxg5+ Kxh2 49. a6 Kg2 50. f3 Kg3 51. a7 Bc6 52. Kc5 Ba8
53. Kd6 Kh4 1-0